Solutions manual to accompany James T. McClave and P. George Benson, statistics for business and eco (Record no. 57907)

MARC details
000 -LEADER
fixed length control field 00612nam a2200157 a 4500
008 - FIXED-LENGTH DATA ELEMENTS--GENERAL INFORMATION
fixed length control field 120416s1980 ||||||||||||||||| || u
020 ## - INTERNATIONAL STANDARD BOOK NUMBER
International Standard Book Number 0895170205
050 ## - LIBRARY OF CONGRESS CALL NUMBER
Classification number HA 35.15 Shi
100 ## - MAIN ENTRY--PERSONAL NAME
Personal name Shiffler, Ronald
245 10 - TITLE STATEMENT
Title Solutions manual to accompany James T. McClave and P. George Benson, statistics for business and eco
250 ## - EDITION STATEMENT
Edition statement rev. ed.
260 ## - PUBLICATION, DISTRIBUTION, ETC.
Place of publication, distribution, etc. San Francisco, [Cal.]
Name of publisher, distributor, etc. Dellen Publishing
Date of publication, distribution, etc. 1980
300 ## - PHYSICAL DESCRIPTION
Extent 168p. : ill.
350 ## - PRICE (NR) (BK AM CF MU VM SE) [OBSOLETE]
Price 0.00
995 ## - RECOMMENDATION 995 [LOCAL, UNIMARC FRANCE]
-- 0.00
-- CBU-MAIN LIBRARY (Kitwe)
-- 1
-- 0.00
-- AVAILABLE
-- Main Library Open Access Collection
Holdings
Withdrawn status Lost status Source of classification or shelving scheme Damaged status Not for loan Home library Current library Shelving location Date acquired Total Checkouts Full call number Barcode Date last seen Price effective from Koha item type
          CBU-MAIN LIBRARY, KITWE. CBU-MAIN LIBRARY, KITWE.   11/30/2022   HA 35.15 Shi 001510 11/30/2022 11/30/2022 MONOGRAPH